Responses for Show #7090 - Friday, June 12, 2015

Contestants

[<< previous game]

Daniel Lee, an officer manager from Valley Village, California

Mike Luca, a sales coordinator from Westbrook, Maine

Darren Harris-Fain, an English professor from Prattville, Alabama (whose 2-day cash winnings total $47,800)

[next game >>]

Jeopardy! Round responses

KNOW YOUR PRODUCE
MORE THAN ONE MEANING
EASY SCIENCE
THE STATE OF THINGS
MY TV TITLE CHARACTER
DIPLOMA"C"
    $200 8
antioxidants

Darren
    $200 6
commute

Daniel
    $200 26
amphibian

Mike
    $200 7
Tennessee

Mike
    $200 20
Walker, Texas Ranger

Daniel
    $200 1
a convention

Darren
    $400 14
(Mike: What is a Belgian endive?)

white asparagus

Mike
Triple Stumper
    $400 9
rally

Daniel
    $400 30
splitting

Darren
    $400 24
(Darren: What is Massachusetts?)

Pennsylvania

DarrenDaniel
    $400 19
Malcolm in the Middle

Darren
    $400 2
a cease-fire

Daniel
    $600 15
portobellos

Triple Stumper
    $600 12
a spray

Darren
    $600 29
(Alex: Now's the time for that.)

methane

Daniel
    $600 25
(Alex: Right, with less than a minute to go now.)

Georgia

Mike
    $600 10
(Mike: What is, uh, Washington?)

The Equalizer

Mike
Triple Stumper
    $600 3
a consulate

Mike
    $800 17
prickly pear

Daniel
    $800 13
(Mike: What is tempered?)
[Originally accepted as correct; reversed during the first break.]

temper

Mike
Triple Stumper
    $800 28
roentgen

Darren
    $2,200 21
Utah

Daniel
    $800 11
(Mike: What is The Green Arrow?)
(Daniel: What is Green Arrow?)
(Darren: What is the [*]?)

Arrow

DarrenMikeDaniel
    $800 4
(Mike: What is passport?)

credentials

DarrenMike
    $1000 23
(Mike: What is methane?)

ethylene

Mike
Triple Stumper
    $1000 16
mantle

Mike
    $1000 27
the solstices

Triple Stumper
    $1000 22
West Virginia

Mike
    $1000 18
Benson

Daniel
    $1000 5
[Alex corrected Darren's mispronunciation of the first word of the response as charge.]

chargé d'affaires

Darren

Scores at the first commercial break (after clue 15):

Darren Mike Daniel
$3,600 -$2,600 $200

Scores at the end of the Jeopardy! Round:

Darren Mike Daniel
$4,800 -$800 $5,400

Double Jeopardy! Round responses

THE DAY THE MUSIC DIED
EXPLORATION
ALONG CAME JONES
YOU'VE BEEN "HACK"ED!
A VIRGIN CATEGORY
A RIVER RUNS THROUGH THE BOOK
    $400 1
Amy Winehouse

Darren
    $400 30
Greenland

Mike
    $400 14
John Paul Jones

Darren
    $400 10
Hacky Sack

Daniel
    $400 29
(Mike: Uh, what is "Borderline"?)

"Material Girl" (or "Angel" or "Dress You Up")

MikeDaniel
    $400 2
(Daniel: What is the River Kwai?)
(Alex: Give me the whole title, please.)
(Daniel: Oh, what is Bridge o--um, over/on the River Kwai?)
(Alex: Yes. That's it.)

Bridge over the River Kwai (or Bridge on the River Kwai)

Daniel
    $800 3
Joe Cocker

Mike
    $800 24
Mecca & Medina

Mike
    $800 19
a (hot air) balloon

Darren
    $800 15
hackles

Darren
    $800 28
(Daniel: What are the Virgin Islands?)
(Alex: Be more specific.)

the British Virgin Islands

Daniel
    $800 6
the Hudson River

Triple Stumper
    $1200 4
John Denver

Mike
    $1200 23
a caravan

Mike
    $1200 20
Oedipus complex

Daniel
    $1200 16
Gene Hackman

Darren
    $1200 27
Richard Branson

Darren
    $1,200 7
Congo

Darren
    $1600 5
Hank Williams

Darren
    $9,000 21
(Daniel: The...)
(Alex: Daniel.)
(Daniel: The Siberian Peninsula?)
(Alex: No. "What is [*]?" Yeah, that was a--that was a tough one.)

the Kamchatka Peninsula

Daniel
    $1600 12
Mother Jones

Daniel
    $1600 17
Hackensack

Darren
    $1600 26
lizards

Triple Stumper
    $1600 8
Spoon River Anthology

Darren
    $2000 11
Marvin Gaye

Daniel
    $2000 22
(Darren: Who is Scott?)

Shackleton

DarrenDaniel
    $2000 13
(Daniel: Who is Indio Jones?)
(Darren: Who is [*] Jones?)

Inigo

DarrenDaniel
    $2000 18
a hackney

Darren
    $2000 25
(Alex: With less than a minute to go now.)

the Lady of Guadalupe (or the Virgin of Guadalupe)

Daniel
    $2000 9
The Man from Snowy River

Triple Stumper

Scores at the end of the Double Jeopardy! Round:

Darren Mike Daniel
$17,600 $3,200 $5,200
(lock game)

[wagering suggestions for these scores]

Final Jeopardy! Round responses

SHIPS IN THE NEWS
MikeWhat is S.S. Minnow
$1,974
DanielWhat is the Concordia?
$1,400
DarrenWhat is the Google barge?
$2,400
the Exxon Valdez

Final scores:

Darren Mike Daniel
$15,200 $1,226 $3,800
3-day champion: $63,000 3rd place: $1,000 2nd place: $2,000

Game dynamics:

Coryat scores:

Darren Mike Daniel
$17,600 $3,200 $12,800
21 R
(including 1 DD),
2 W
11 R,
7 W
18 R
(including 1 DD),
3 W
(including 1 DD)

Combined Coryat: $33,600

[game clues] [game scores] [suggest correction]

Game tape date: Unknown
The J! Archive is created by fans, for fans. Scraping, republication, monetization, and malicious use prohibited; this site may use cookies and collect identifying information. See terms. The Jeopardy! game show and all elements thereof, including but not limited to copyright and trademark thereto, are the property of Jeopardy Productions, Inc. and are protected under law. This website is not affiliated with, sponsored by, or operated by Jeopardy Productions, Inc. Join the discussion at JBoard.tv.